Statystyki dla Najwieksze archipelagi świata

Kliknij tutaj aby rozwiązać quiz!

Ogólne statystyki

  • Ten quiz został rozwiązany 13 razy
    (6 od ostatniego zresetowania)
  • Średni wynik to 2 z 12

Statystyki odpowiedzi

L.p.Nazwa archipelagu% Poprawnych
1.Archipelag Malajski
67%
6.Archipelag Indonezyjski
50%
11.Archipelag Japoński
50%
4.Kanadyjski Archipelag
33%
8.Bahamy
17%
3.Morze Archipelagowe
17%
12.Archipelag Brytyjski
0%
5.Archipelag Sztokholmski
0%
10.Hawaje
0%
2.Lofoty
0%
9.Wyspy Kanaryjskie
0%
7.Wyspy Nowosyberyjskie
0%

Rozkład punktacji

Percentyl według liczby udzielonych odpowiedzi

Procent ludzi z każdym wynikiem

Twoja historia wyników

Nie rozwiązałeś tego quizu od ostatniego zresetowania